A handbook of spotting errors for competitive examinations / (Record no. 144178)

MARC details
000 -LEADER
fixed length control field 00644nam a22002057a 4500
005 - DATE AND TIME OF LATEST TRANSACTION
control field 20170907153703.0
010 ## - LCCN (DPL NO)
LC control number ENG-120106
020 ## - INTERNATIONAL STANDARD BOOK NUMBER
Terms of availability 135.00
International Standard Book Number 9780070704893
035 ## - SYSTEM CONTROL NUMBER
System control number EN-103638
037 ## - SOURCE OF ACQUISITION
Source of stock number/acquisition DBAD/PUB
082 ## - DEWEY DECIMAL CLASSIFICATION NUMBER
Classification number 428
100 ## - MAIN ENTRY--PERSONAL NAME
Personal name Hari Mohan Prasad
245 ## - TITLE STATEMENT
Title A handbook of spotting errors for competitive examinations /
Statement of responsibility, etc by Hari Mohan Prasad
250 ## - EDITION STATEMENT
Edition statement 2nd ed.
260 ## - PUBLICATION, DISTRIBUTION, ETC. (IMPRINT)
Place of publication, distribution, etc New Delhi
Name of publisher, distributor, etc Tata Mcgraw Hill Education
Date of publication, distribution, etc 2015
270 ## - ADDRESS
Address 7,West Patel Nagar
City New Delhi
Postal code 110008
300 ## - PHYSICAL DESCRIPTION
Extent viii,228p.
Dimensions 22cm(pbk)
490 ## - SERIES STATEMENT
Series statement Tata Mcgraw Hill's Winning we Edge Series
942 ## - ADDED ENTRY ELEMENTS (KOHA)
Source of classification or shelving scheme Dewey Decimal Classification
Item type English Books
Classification part 428
Call number suffix HAR
Holdings
Withdrawn status Lost status Not for loan Collection code Home library Current library Date acquired Source of acquisition Cost, normal purchase price Full call number Barcode Copy number Cost, replacement price Koha item type
      Non-fiction Narela Narela 07/09/2017 DBAD/PUB 135.00 428 HAR EN-103638 1 135.00 English Books

© Delhi Public Library
Hit Counter
free hit counter